[Event "RUS-Cup01"]
[Site "Tomsk"]
[Date "2003.07.10"]
[Round "7"]
[White "Chubakov, Alexander"]
[Black "Mikhalchenko, Petr"]
[Result "0-1"]
[WhiteElo "2362"]
[BlackElo "2188"]
[PlyCount "50"]
[EventDate "2003.07.04"]
[EventType "swiss"]
[EventRounds "9"]
[EventCountry "RUS"]
[SourceTitle "CBM 095 Extra"]
[Source "ChessBase"]
[SourceDate "2003.09.04"]
[SourceVersion "1"]
[SourceVersionDate "2003.09.04"]
[SourceQuality "1"]

1. Nf3 Nf6 2. c4 e6 3. b3 b6 4. g3 Bb7 5. Bg2 Be7 6. 0-0 0-0 7. Bb2 c5 8. e3 d5 9. cxd5 Nxd5 10. d4 Nc6 11. dxc5 Bxc5 12. a3 Rc8 13. e4 Nf6 14. b4 Be7 15. Nc3 a6 16. e5 Nd7 17. Qe2 Qc7 18. Rfe1 b5 19. a4 Nxb4 20. axb5 Nc5 21. Rad1 Rfd8 22. Nd4 Bxg2 23. Kxg2 Qb7+ 24. f3 axb5 25. Ba3 Nbd3 0-1